000 00459cam a2200145 4500500
005 20260329002605.0
041 _afre
042 _adc
100 1 0 _aBerliner, David
_eauthor
245 0 0 _aTransmitting: A constantly renewed effort
260 _c2025.
500 _a2
786 0 _nLa Revue Nouvelle | 258 | 8 | 2025-12-04 | p. 2-4 | 0035-3809
856 4 1 _uhttps://shs.cairn.info/journal-la-revue-nouvelle-2025-8-page-2?lang=en&redirect-ssocas=7080
999 _c1816428
_d1816428